banner-ar

علاء الدين وقصص اخرى من ليالى العرب / (Record no. 60884)

MARC details
000 -الفاتح
حقل البيانات ثابتة الطول 01405nam a22003017a 4500
005 - وقت وتاريخ اخر تعامل مع التسجيلة
رقم الضبط 20240530110433.0
008 - عناصر البيانات ثابتة الطول - معلومات عامة
حقل البيانات ثابتة الطول 150402s2009 ua cb a 000 0 ara d
017 ## - رقم الايداع القانونى
رقم الايداع القانونى 2007/14301
المصدر ( الهيئة المختصة) مصر . دار الكتب المصرية
020 ## - الرقم الدولى المعيارى للكتب
الرقم الدولى المعيارى للكتاب 9774085310
040 ## - مصدر الفهرسة
وكالة الفهرسة الأصلية EG-CaGPL
082 04 - رقم تصنيف ديوى العشرى
رقم الطبعة 21
رقم التصنيف 823.02
رقم المادة ط/د س
100 1# - المدخل الرئيسى - إسم شخصى
الإسم الشخصى كيرفن ، روزاليند
الشكل الأكمل للاسم روزاليند كيرفن
245 10 - بيان العنوان
العنوان علاء الدين وقصص اخرى من ليالى العرب /
بيان المسئوليه,etc تاليف روزاليند كيرفن ؛ رسومات نايلش ميسترى ؛ ترجمة قسم الترجمة بدار الفاروق للاستثمارات الثقافية
250 ## - بيان الطبعة
بيان الطبعة ط1
260 ## - PUBLICATION, DISTRIBUTION, ETC. (IMPRINT)
تاريخ النشر أو التوزيع 2009
300 ## - الوصف المادى
التعداد 63 ص :
تفاصيل ماديه اخرى للوعاء صور لو ، خرائط ؛
أبعاد الوعاء 34 سم
490 0# - بيان السلسلة
عنوان السلسلة السلسلة العالمية للروائع الادبية
650 04 - المدخل الاضافى بالموضوع-مصطلح موضوعى
مصطلح موضوعي قصص الاطفال
650 04 - المدخل الاضافى بالموضوع-مصطلح موضوعى
مصطلح موضوعي الاساطير
650 04 - المدخل الاضافى بالموضوع-مصطلح موضوعى
مصطلح موضوعي القصص الخرافية
650 04 - المدخل الاضافى بالموضوع-مصطلح موضوعى
مصطلح موضوعي قصص البطولات
650 04 - المدخل الاضافى بالموضوع-مصطلح موضوعى
مصطلح موضوعي القصص الانجليزية المترجمة
650 04 - المدخل الاضافى بالموضوع-مصطلح موضوعى
مصطلح موضوعي ادب الاطفال
700 1# - المدخل الاضافى - اسم شخصى
الإسم الشخصى ميسترى ، نايلش
الدور رسام
710 2# - المدخل الاضافى - اسم هيئه
اسم الهيئة أو اسم السلطة كمدخل قسم الترجمة بدار الفاروق للاستثمارات الثقافية
الدور مترجم
942 ## - عناصر المدخل الإضافي( كوها)
مصدر التصنيف او مخطط الترفيف Dewey Decimal Classification
Koha [default] item type كتاب
260 ## - PUBLICATION, DISTRIBUTION, ETC. (IMPRINT)
-- القاهرة :
-- دار الفاروق للاستثمارات الثقافية ،
Holdings
حالة التراجع حالة الفقد حالة تلف ليس للاعارة المكان المؤقت الموقع الحالى تاريخ الاكتساب اجمالي اﻻعارات رقم الطلب الباركود تاريخ اخر مشاهدة تاريخ تفعيل السعر نوع وعاء كوها
        مكتبة القاهرة الكبرى مكتبة القاهرة الكبرى 04/02/2015   823.02 ط/د س 160064 04/02/2015 04/02/2015 كتاب

Powered By

EGPV